| 000 | 00925nam1a2200373 i 4500 | ||
|---|---|---|---|
| 001 | RU\NLR\bibl\71002 | ||
| 005 | 20240725211434.0 | ||
| 035 | _a(NLR Aleph) 000069272 | ||
| 090 |
_a381200 _c381200 |
||
| 100 | _a20000218g19 9999u y0rusy50 ca | ||
| 101 | 0 | _arus | |
| 102 | _aRU | ||
| 105 | _ay ||||||||| | ||
| 200 | 1 |
_aАвтограф _e[Сб. стихов] |
|
| 210 |
_aСПб. _cБ.и. _d1999 |
||
| 215 | _d10 | ||
| 463 | 0 | _100168923 | |
| 463 | 0 | _1001170831 | |
| 463 | 0 | _1001369784 | |
| 463 | 0 | _10011681528 | |
| 686 | 2 | _aШ6(2=Р)75-5 | |
| 686 | 2 | _aШ6(2=Р)75-999 | |
| 686 | 2 | _aШ6(2=Р)8-5 | |
| 686 | 2 | _aШ6(2=Р)8-999 | |
| 801 | 0 |
_aRU _bNLR _c20000218 _gPSBO |
|
| 801 | 1 |
_aRU _bNLR _c20000218 |
|
| 852 |
_aNLR _j72-0/1186 |
||
| 942 | _cBOOK | ||